Statistics for Cities by Famous Bands 2.0

Click here to take the quiz!

General Stats

  • This quiz has been taken 27 times
  • The average score is 15 of 40

Answer Stats

BandCountryCity% Correct
Destiny's ChildUnited StatesHouston
91%
Young FathersScotlandEdinburgh
87%
Mashina VremeniRussiaMoscow
87%
Bi-2BelarusMinsk
83%
Bob Marley and the WailersJamaicaKingston
78%
BoomBoxUkraineKyiv
74%
MolotovMexicoMexico City
70%
NirvanaUnited StatesAberdeen
65%
N.W.AUnited StatesCompton
65%
R.E.M.United StatesAthens
61%
MastodonUnited StatesAtlanta
61%
The RootsUnited StatesPhiladelphia
61%
maNgaTurkeyAnkara
57%
Dschinghis KhanGermanyMunich
57%
The Black SeedsNew ZealandWellington
57%
Soda StereoArgentinaBuenos Aires
52%
Three 6 MafiaUnited StatesMemphis
48%
Bone Thugs-n-HarmonyUnited StatesCleveland
39%
SepulturaBrazilBelo Horizonte
35%
SlipknotUnited StatesDes Moines
35%
Snow PatrolScotlandDundee
26%
HieroglyphicsUnited StatesOakland
26%
NoahIndonesiaBandung
22%
Hootie & the BlowfishUnited StatesColumbia
22%
FeederWalesNewport
22%
Van HalenUnited StatesPasadena
22%
KornUnited StatesBakersfield
17%
DDTRussiaUfa
17%
PanteraUnited StatesArlington
13%
NazarethScotlandDunfermline
13%
System of a DownUnited StatesGlendale
13%
Lamb Of GodUnited StatesRichmond
13%
The VerveEnglandWigan
13%
Blink-182United StatesPoway
9%
LordiFinlandRovaniemi
9%
The JamEnglandWoking
9%
Nautilus PompiliusRussiaYekaterinburg
9%
The OffspringUnited StatesGarden Grove
4%
Cypress HillUnited StatesSouth Gate
4%
YuxuAzerbaijanSumgayit
4%

Score Distribution

Percentile by Number Answered

Percent of People with Each Score

Your Score History

You have not taken this quiz